MARC

LEADER 00000nam0a2200000 4500
001 251766
005 20231101232703.0
020 |a RU  |b 87-92917 
035 |a (RuTPU)RU\TPU\book\274077 
090 |a 251766 
100 |a 20140225d1987 k a0rusy5003 ca 
101 0 |a rus 
102 |a UA 
105 |a y z 100zy 
200 1 |a Тезисы докладов VII Всесоюзной конференции по сварочным материалам,(г. Одесса, 8-11 дек. 1987 г.  |f Академия наук Украинской ССР (АН УССР), Институт электросварки им. Е. О. Патона (ИЭС) ; под ред. И. К. Походня 
210 |a Киев  |c ИЭС  |d 1987 
215 |a 167 с. 
606 1 |a Сварочные материалы  |2 stltpush  |3 (RuTPU)RU\TPU\subj\72801  |9 86195 
610 1 |a конференции 
610 1 |a Одесса 
610 1 |a физико-химические процессы 
610 1 |a металлургические процессы 
610 1 |a дуговая сварка 
610 1 |a применение 
675 |a 621.791.04(063)  |z rus  |v 3 
702 1 |a Походня  |b И. К.  |4 340 
712 0 2 |a Академия наук Украинской ССР (АН УССР)  |b Институт электросварки им. Е. О. Патона (ИЭС)  |c (Киев)  |2 stltpush  |3 (RuTPU)RU\TPU\col\13726 
712 1 2 |a Сварочные материалы  |c конференция  |d VII  |e Одесса  |f 1987 
801 0 |a RU  |b RuMRKP  |c 19950417  |g psbo 
801 1 |a RU  |b 63413507  |c 20140225 
801 2 |a RU  |b 63413507  |c 20140326  |g RCR 
942 |c BK